All Frozen II Characters By Screen Time - Statistics

General Stats
  • This quiz has been taken 10 times
  • The average score is 8 of 22
Answer Stats
% Of Movie Screen Time Answer % Correct
42.14 44:28 Anna
100%
42.40 43:44 Elsa
100%
16.88 17:25 Kristoff
100%
19.86 20:29 Olaf
100%
11.73 12:06 Sven
100%
6.64 6:51 Queen Iduna
50%
.08 :05 Hans
38%
.15 :09 Duke of Weselton
25%
4.81 4:58 Gale
25%
3.46 3:34 Honeymaren
25%
3.62 3:44 King Agnarr
25%
6.04 6:14 Mattias
25%
3.38 3:26 Ryder
25%
5.06 5:13 Bruni
13%
1.55 1:36 Grand Pabbie
13%
.26 :16 Marshmallow
13%
1.28 1:19 Oaken
13%
2.84 2:56 Yelena
13%
.44 :27 Bulda
0%
1.41 1:27 Kai
0%
1.50 1:33 King Ruenard
0%
4.23 4:22 Nokk
0%
No matching quizzes found
Score Distribution
Percent of People with Each Score
Percentile by Number Answered
Your Score History
You have not taken this quiz